Removal of chlorophenols from wastewater using commercial acid washed activated carbon (Record no. 66734)

MARC details
000 -LEADER
fixed length control field 01543nam a2200205Ia 4500
100 ## - MAIN ENTRY--AUTHOR NAME
Personal name El-Dars Farida M S E
245 #0 - TITLE STATEMENT
Title Removal of chlorophenols from wastewater using commercial acid washed activated carbon
260 ## - PUBLICATION, DISTRIBUTION, ETC. (IMPRINT)
Name of publisher Journal of Environmental Science & Engineering
Year of publication 2013
300 ## - PHYSICAL DESCRIPTION
Number of Pages 267-274
520 ## - SUMMARY, ETC.
Summary, etc The presence of cholorophenolss in wastewater represents a serious challenge for its treatement and its further reuse. In this study, the use of commercial acid washed activated carbon as sorbent material for the removal of 2 chlorophenol, 2,4 dichlorophenol and 2,4,6 trichlorophenol from synthetic aqueous solutions is evaluated. Variables afecting the uptake of these compounds (weight of sorbent material, pH, temperature and shaking time) are investigated to achieve the optimum conditions of removal process. The kinetics of the uptake process indicated that the process was best explained using a pseudo-second order model. As well, the absorption of the studied chlorophenols on commercially available AC followed the Freundlich isotherm. The thermodynamic parameters further indicated the favorability of the process and that the adsorption was primarily physical in nature enhanced by chemisorptions.
650 ## - SUBJECT ADDED ENTRY--TOPICAL TERM
Topical Term Chlorophenols
650 ## - SUBJECT ADDED ENTRY--TOPICAL TERM
Topical Term Kinetics of the uptake process
650 ## - SUBJECT ADDED ENTRY--TOPICAL TERM
Topical Term Sorbent materials
700 ## - ADDED ENTRY--PERSONAL NAME
Personal name
700 ## - ADDED ENTRY--PERSONAL NAME
Personal name Alotieby Abdel Rahman M S
700 ## - ADDED ENTRY--PERSONAL NAME
Personal name Khalifa Mohammed G
700 ## - ADDED ENTRY--PERSONAL NAME
Personal name Shalabi Mohammed E H
942 ## - ADDED ENTRY ELEMENTS (KOHA)
Koha item type Journals
700 ## - ADDED ENTRY--PERSONAL NAME
-- Sayed Said A
Holdings
Withdrawn status Lost status Damaged status Not for loan Home library Current library Date acquired Serial Enumeration / chronology Koha item type
      Journals RRII Library RRII Library 12/06/2014 Volume 55, Issue 3 Journals